|
|
|
|
| LEADER |
00000nam a2200000 a 4500 |
| 001 |
vtls001435889 |
| 003 |
SK-MaSNL |
| 005 |
20260301054047.0 |
| 008 |
240314s1956 xx 0 und |
| 035 |
|
|
|a SNK000390980
|
| 040 |
|
|
|a SNK
|b slo
|c SNK
|e AACR2
|
| 100 |
1 |
|
|a Hampl, Jan,
|d 1895-1970
|4 aut
|9 38593
|
| 245 |
1 |
0 |
|a Technologie obilovin
|
| 260 |
|
|
|a Praha
|b Státní nakladatelství technické literatury
|c 1956
|
| 300 |
|
|
|a 230 s.
|
| 999 |
|
|
|c 609949
|d 611879
|
| 952 |
|
|
|t P60, <04>, [BOOK], {604}
|a SNK
|b SNK
|y VYP
|7 0
|p 17A0269881
|o snkIB 5175
|0 0
|1 0
|4 0
|d 2002-06-08
|l 0
|r 2005-01-02 00:00:00
|w 2026-02-23
|